000 00339nam a2200133Ia 4500
008 180921t1959 xxu||||| ||||o00| 0 eng d
041 _aeng
245 _aFerguson's Ceylon Directory : Economic Review of 1958
260 _c1959
300 _ap.1151-1256, 23 cm
942 _cBK
999 _c46507
_d46507
003 LK-CoDNM
040 _aLK-CoDNM
_dLK-CoDNM
_eLK-CoDNM